=LDR 00000nam 2200000 4500 =001 INLIS000000000027568 =005 20130612125930 =008 ***********************************ind** =035 ##$$0010-061300000027568 =041 ##$$a ind =082 ##$$a 362.293 =090 ##$$a 362.293, Tha n =100 ##$$a Thaha,Idris =245 ##$$a Narkoba?!Nggak,dong!:untuk tingkat sekolah Dasar, Idris Thaha =260 ##$$a 2006 $b Jakarta =300 ##$$a vii,29 hlm, ilus, 26 cm =650 ##$$a Narkotika =850 ##$$a NBPNMAT =990 ##$$a 21601551/BPAP-NTB/2017